000 00691nam a2200217Ia 4500
003 GCL
008 140319s9999 xx 000 0 ara d
040 _aGCL /
_cGCL
082 0 4 _a961
_bم م
100 1 _aمحمد خير فارس
245 1 0 _aالمسالة المغربية 1912-1900 /
_cمحمد خير فارس
260 _a[S.N] :
_bمكتبة دار الشرق ،
_c1980
300 _a534 ص
490 _aدراسات فى تاريخ شمال افريقية الحديثة
_v0
650 0 4 _aتاريخ
650 0 4 _aالمغرب
650 0 4 _aالاستعمار الفرنسى
650 0 4 _aالاستعمار
650 0 4 _aالتاريخ العربى
942 _2ddc
_cBK
999 _c35951
_d35951